000 03457nam a22002417a 4500
003 TH-BaNU
005 20230330082138.0
008 230330b2020 TH ||||| |||| 00| 0 tha d
020 _a 9789740217091
040 _aTH-BaNU
100 _a ประจักษ์ ก้องกีรติ
245 _aพลวัตการเลือกตั้งและประชาธิปไตยในอาเซียน =
_bWhen We Vote
250 _aพิมพ์ครั้งที่ 2
260 _aกรุงเทพฯ:
_bมติชน:
_c2563
300 _a336 หน้า
520 _aขณะที่การเมืองการเลือกตั้งของไทยก้าวถอยหลังและชะงักงันเพราะการครองอำนาจของเผด็จการ การเมืองการเลือกตั้งในมาเลเซีย อินโดนีเซีย และฟิลิปปินส์ สามประเทศที่น่าจับตามองที่สุดในอุษาคเนย์ กลับเปลี่ยนแปลงอย่างสูงในเงื่อนไขที่ต่างกัน ราวกับจะยืนยันให้เห็นความเป็นไปได้ และคลื่นของความเปลี่ยนแปลงครั้งใหญ่ ที่ทำให้การเลือกตั้งมิได้หยุดนิ่งและถูกผูกขาดโดยชนชั้นนำกลุ่มเดิมจำนวนน้อยอีกต่อไป ร่วมวงสนทนากับแนวทางการศึกษาแบบสถาบันนิยม ทฤษฎีการสร้างประชาธิปไตย การเปลี่ยนผ่านไปสู่ประชาธิปไตย ตามเข้าไปสำรวจความเป็นจริงในพื้นที่ ฟังข้อมูลที่ได้จากการสัมภาษณ์ ยื่นหน้าไปดูตัวเลขสถิติ และกลับเข้าสู่การถกเถียงถึงโอกาส ความหวัง ความฝัน และความจริงจากการศึกษา เปรียบเทียบความเปลี่ยนแปลงเกี่ยวกับการเลือกตั้งในประเทศเพื่อนบ้าน ย้อนกลับมาเปรียบเทียบและทบทวนสถาณการณ์การเมืองการเลือกตั้งของไทย ประเทศซึ่งตั้งไข่และล้มลุกคลุกคลานมากว่า 88 ปี ในการสร้างกระบวนการเลือกตั้งที่มีคุณภาพและประชาธิปไตยที่ยั่งยืน
650 _aการเลือกตั้ง
650 _aประชาธิปไตย
850 _aKCNL
856 _uhttps://se-ed.belibcloud.com/book-detail/18245
_yse-ed e-library
942 _2local
_cEBK
998 _cฺBee
999 _c37491
_d37491